|
|
|
|
| LEADER |
00000nam0a2200000 4500 |
| 001 |
254863 |
| 005 |
20231101232956.0 |
| 010 |
|
|
|a 5292006688
|
| 035 |
|
|
|a (RuTPU)RU\TPU\book\277364
|
| 090 |
|
|
|a 254863
|
| 100 |
|
|
|a 20140324d1989 k y0rusy50 ca
|
| 101 |
0 |
|
|a rus
|
| 102 |
|
|
|a RU
|
| 105 |
|
|
|a a z 001zy
|
| 200 |
1 |
|
|a Механика длинномерных элементов глубоководных комплексов
|f В. В. Петров, В. В. Кузнецов, В. Н. Земеров
|
| 210 |
|
|
|a Саратов
|c Изд-во Саратовского ун-та
|d 1989
|
| 215 |
|
|
|a 188 с.
|c ил.
|
| 320 |
|
|
|a Библиогр.: с. 174-186.
|
| 606 |
1 |
|
|a Геологоразведочное дело
|2 stltpush
|3 (RuTPU)RU\TPU\subj\6125
|9 34083
|
| 606 |
1 |
|
|a Буровые сооружения морские
|2 stltpush
|3 (RuTPU)RU\TPU\subj\30655
|9 53733
|
| 610 |
1 |
|
|a морские полезные ископаемые
|
| 610 |
1 |
|
|a месторождения
|
| 610 |
1 |
|
|a разведка
|
| 610 |
1 |
|
|a добыча
|
| 610 |
1 |
|
|a длинномерные конструкции
|
| 610 |
1 |
|
|a статические характеристики
|
| 610 |
1 |
|
|a динамические характеристики
|
| 610 |
1 |
|
|a плавучие сооружения
|
| 610 |
1 |
|
|a подводное технологическое оборудование
|
| 610 |
1 |
|
|a морские трубопроводы
|
| 610 |
1 |
|
|a тросы
|
| 610 |
1 |
|
|a шланги
|
| 610 |
1 |
|
|a пневмогидроподъемники
|
| 675 |
|
|
|a 550.8
|v 3
|
| 675 |
|
|
|a 622.242.4
|v 3
|
| 700 |
|
1 |
|a Петров
|b В. В.
|g Владилен Васильевич
|
| 701 |
|
1 |
|a Кузнецов
|b В. В.
|g Вадим Викторович
|
| 701 |
|
1 |
|a Земеров
|b В. Н.
|g Валерий Николаевич
|
| 801 |
|
1 |
|a RU
|b 63413507
|c 20140324
|
| 801 |
|
2 |
|a RU
|b 63413507
|c 20140417
|g RCR
|
| 942 |
|
|
|c BK
|